1963 1837 1601 1725 1131 1686 1730 1018 1923 1725 1920 1528 1010 1689 1272 1997 1077 1291 1849 1798 1275 1281 1966 1098 1657 1844 1667 1661 1439 1013 1804 1946 1845 1560 1254 1673 1842 1533 1254 1695 1454 1489 1910 1798 1500 1059 1822 1184 1242 1359 1100 1025 1987 1749 1190 1152 1983 1766 1791 1240 1374 1593 1305 1862 1521 1044 1252 1564 1629 1480 1757 1463 1274 1631 1792 1355 1171 1361 1726 1024 1443 1868 1139 1935 1745 1587 1047 1240 1279 1385 1744 1236 1688 1392 1821 1660 1486 1960 1960 BCNSPRNW ULIB Ver.6.0+V

เปลี่ยนเป็นภาษาไทย

Change to English
 แสดงรายละเอียดบรรณานุกรม
  กลับหน้าหลัก

Brief Record : Get Marc (ISO 2709) : E-mail record : QR code < ปิดหน้าต่าง
LEADER : 00000nam a2200000Ia 4500
001    13399125371
003     ULIB
008    160801s2558 th a b 000 0 tha d
020    ^a9786167902425
060 04 ^aQW50^bส775ก
100 0  ^aสุทธิรัตน์ สิทธิศักดิ์
245 10 ^aการตรวจวินิจฉัยแบคทีเรียก่อโรคที่พบบ่อย /^cสุทธิรัตน์ สิทธิศักดิ์
250    ^aพิมพ์ครั้งที่ 1
260    ^aพิษณุโลก :^bสำนักพิมพ์มหาวิทยาลัยนเรศวร,^c2558, [2015]
300    ^aก-ค, 109 หน้า :^bภาพประกอบสี ;^c27 ซม.
650  2 ^aBacteria
650  4 ^aแบคทีเรีย
650  4 ^aวิทยาแบคทีเรีย
650  4 ^aแบคทีเรีย^xการก่อโรค
945    ^p390^l0^i23973
945    ^p390^l0^i23974
945    ^p390^l0^i23975
945    ^p390^l0^i23976
945    ^p390^l0^i23977
995    ^aกัณชพร
999    ^aกัณชพร
รายการนี้ยังไม่มีแท็ก
คุณยังไม่ได้ล็อกอิน คุณสามารถมีกิจกรรมร่วมกับเว็บไซต์ได้ แต่ต้องล็อกอินก่อน ::
  ล็อกอิน

รายการสื่อสารสนเทศ

ลำดับที่ ประเภท เลขเรียก/บาร์โค้ด สถานที่ สถานะ
1. หนังสือสำรอง
หนังสือสำรอง
QW50 ส775ก ฉ.1 
  Barcode: 23973
ห้องสมุดวิทยาเขตนครสวรรค์
►ส่วนจัดเก็บหนังสือเก่า นว.
บนชั้น
  ขอยืม
2. วิทยาศาสตร์การแพทย์ และสุขภาพ
วิทยาศาสตร์การแพทย์ และสุขภาพ
QW50 ส775ก ฉ.2 
  Barcode: 23974
ห้องสมุดวิทยาเขตนครสวรรค์
►ส่วนจัดเก็บหนังสือเก่า นว.
ถูกยืม กำหนดส่งวันที่ 4 กุมภาพันธ์ 2569
  จอง
3. วิทยาศาสตร์การแพทย์ และสุขภาพ
วิทยาศาสตร์การแพทย์ และสุขภาพ
QW50 ส775ก ฉ.3 
  Barcode: 23975
ห้องสมุดวิทยาเขตนครสวรรค์
►ส่วนจัดเก็บหนังสือเก่า นว.
บนชั้น
  ขอยืม
4. วิทยาศาสตร์การแพทย์ และสุขภาพ
วิทยาศาสตร์การแพทย์ และสุขภาพ
QW50 ส775ก ฉ.4 
  Barcode: 23976
ห้องสมุดวิทยาเขตนครสวรรค์
►ส่วนจัดเก็บหนังสือเก่า นว.
บนชั้น
  ขอยืม
5. วิทยาศาสตร์การแพทย์ และสุขภาพ
วิทยาศาสตร์การแพทย์ และสุขภาพ
สถานะ=หนังสือเก่า
QW50 ส775ก ฉ.5 
  Barcode: 23977
ห้องสมุดวิทยาเขตนครสวรรค์
►ส่วนจัดเก็บหนังสือเก่า นว.
บนชั้น
  ขอยืม

รายการใกล้เคียง
    ผู้แต่ง [สุทธิรัตน์ สิทธิศักดิ์]

    หัวเรื่อง [Bacteria]
    หัวเรื่อง [แบคทีเรีย]
    หัวเรื่อง [วิทยาแบคทีเรีย]

BibComment


ยังไม่เคยถูกคอมเมนท์

คอมเมนท์ทรัพยากรรายการนี้
  คอมเมนท์: การตรวจวินิจฉัยแ..


 Copyright 2026. Bcnsprnw @Library